Теоретические вопросы физики взрыва: Сборник научных трудов

Opis bibliograficzny
Korporacja: Московский инженерно-физический институт (Государственный университет) (МИФИ)
Język:rosyjski
Wydane: Москва, Энергоатомиздат, 1985
Hasła przedmiotowe:
Format: MixedMaterials Książka
KOHA link:https://koha.lib.tpu.ru/cgi-bin/koha/opac-detail.pl?biblionumber=26208

MARC

LEADER 00000nam0a2200000 4500
001 26208
005 20231030201523.0
035 |a (RuTPU)RU\TPU\book\26449 
035 |a BOOK00026524 
090 |a 26208 
100 |a 20011209d1985 k y0rusy50 ca 
101 0 |a rus 
102 |a RU 
105 |a y z 000zy 
200 1 |a Теоретические вопросы физики взрыва  |e Сборник научных трудов  |f Московский инженерно-физический институт (Государственный университет) (МИФИ) 
210 |a Москва  |c Энергоатомиздат  |d 1985 
215 |a 80 с. 
610 1 |a физика 
610 1 |a взрыв 
610 1 |a экология 
610 1 |a окружающая среда 
610 1 |a охрана 
675 |a 533.6.01  |v 3 
712 0 2 |a Московский инженерно-физический институт (Государственный университет) (МИФИ)  |2 stltpush  |3 (RuTPU)RU\TPU\col\105 
801 0 |a RU  |b 63413507  |c 20011209  |g PSBO 
801 2 |a RU  |b 63413507  |c 20100120  |g RCR 
942 |c BK